|
|
|
|
| LEADER |
00000nam a2200000 a 4500 |
| 001 |
vtls011912450 |
| 003 |
SK-MaSNL |
| 005 |
20260331211244.0 |
| 008 |
200122s2020 xo a j f000 0 slo |
| 013 |
|
|
|a 288724
|b xo
|c patent
|d 20191031
|e dátum sprístupnenia patentu
|
| 013 |
|
|
|a 5040-2013
|e číslo prihlášky
|d 20131218
|e dátum podania prihlášky
|d 20150701
|e dátum zverejnenia prihlášky (Vestník ÚPV SR č.: 07/2015)
|
| 040 |
|
|
|a SNK
|b slo
|c SNK
|e AACR2
|
| 041 |
0 |
|
|a slo
|
| 044 |
|
|
|a xo
|c SK
|
| 072 |
|
7 |
|a 697
|x Vykurovanie, vetranie, klimatizácia
|2 konspekt
|
| 072 |
|
7 |
|a 620.9
|x Energetika
|2 konspekt
|
| 080 |
|
|
|a 697.1/.7
|2 2011
|
| 080 |
|
|
|a 620.92
|2 2011
|
| 084 |
|
|
|a F24D 11/00
|2 IPC
|
| 084 |
|
|
|a F24S 10/00
|2 IPC
|
| 084 |
|
|
|a F28D 20/00
|2 IPC
|
| 100 |
1 |
|
|a Bartko, Michal
|4 org
|9 163500
|
| 245 |
1 |
0 |
|a Energetické zariadenie na vykonávanie spôsobu prevádzkovania energeticky autonómnych stavieb
|c Michal Bartko, Jaroslav Jerz
|
| 260 |
|
|
|a [Banská Bystrica]
|b Úrad priemyselného vlastníctva SR
|c [2020]
|
| 300 |
|
|
|a 11 s.
|b obr.
|c 30 cm
|
| 650 |
0 |
7 |
|a vykurovanie
|2 SNKPH
|9 14779
|
| 650 |
0 |
7 |
|a solárna energia
|2 SNKPH
|9 3508
|
| 650 |
0 |
7 |
|a Heating
|2 SNKPHeng
|9 274659
|
| 650 |
0 |
7 |
|a Solar energy
|2 SNKPHeng
|9 268202
|
| 655 |
|
7 |
|a patenty
|2 SNKPH
|9 177343
|
| 655 |
|
7 |
|a patent licenses
|2 SNKPHeng
|9 303430
|
| 700 |
1 |
|
|a Jeruz, Jaroslav
|4 org 4 pth
|9 618582
|
| 852 |
|
|
|a Štátna vedecká knižnica v Banskej Bystrici
|
| 999 |
|
|
|c 950231
|d 952161
|
| 952 |
|
|
|a SNK
|b SNK
|y PREZ
|7 0
|p 17A1429992
|o snkSK 288724
|i snk2020/15202
|8 0
|0 0
|1 0
|4 0
|d 2020-08-26
|l 0
|r 2026-02-24 09:46:14
|w 2026-02-24
|